LEADER 00912nam a2200205 i 4500 001 000000254406 003 CaOOAMICUS 005 20170606000000.0 008 170606s1826 it u000 u ita u 013 $a233311 026 $ai,e doer sino nato (3) 1826 (A) 040 $aSeMil$bita 245 10$a43. 300 $a269, [3] p., [1] c. di tav. :$bill. 773 0 $aCrevier, Jean Baptiste Louis <1693-1765>$tStoria degli imperatori romani di Crevier e del Basso impero di Le Beau. Versione ridotta a lezione migliore arricchita di annotazioni di un indice generale, con incisioni in rame istoriche e geografiche. Vol. 1.[- 57.].$dVenezia : Dalla Tipografia di Alvisopoli, 1822-1828$g43$w()33725 850 $aSeMil 852 $aSeMil$W1$xVenegono$y1$m3V VII 92 FA$j204752$B204752$CSeMilBibl$Z2$F218278 $8I 941 1 $a10 961 $aRecupero: Mantegazza 996 $6245$a43$9(OLS)http://semarc/title/411006 LEADER 01053nam a2200241 i 4500 001 000000045574 003 CaOOAMICUS 005 20120203000000.0 008 120203s1960 xx u000 u spa u 013 $a16744 040 $aSeMil$bita 100 1 $aFalconi, Juan.$0(OLS)http://semarc/name/22671 245 10$aCamino derecho para el cielo /$cfr. Juan Falconi, O. de M. ; edicion e introduccion de Elias Gomez. 260 $aBarcelona :$bJuan Flors,$c1960. 300 $aXI, 321 p., [1] p. di tav. ;$c18 cm. 490 0 $aEspirituales espanoles. Serie A. Textos ;$vTomo3. 650 4$aSpiritualitą.$0(OLS)http://semarc/subject/5428 700 1 $aGomez, Elias.$0(OLS)http://semarc/name/22672 830 0$aEspirituales espanoles. Serie A. Textos ;$vTomo3.$0(OLS)http://semarc/title/35339 850 $aSeMil 852 $aSeMil$W1$xVenegono$y1$m2C I 268$j11729$B11729$CSeMilBibl$Z2$F11729 $81 996 $6245$aCamino derecho para el cielo$9(OLS)http://semarc/title/67798 996 $6260$aBarcelona :$bJuan Flors$9(OLS)http://semarc/publisher/33217